000 00720nam a22002297a 4500
001 00200
003 DO-SdBNP
005 20160415151050.0
007 00200
008 160415b dr 19--||||| |||| 00| 0 spa d
040 _aBPMSU
_bspa
_cBPMSU
092 _axxxxxxxxx
_bxxxxxxxxx
100 1 _aHernández Dominicana, Cristiana
245 1 _aLengua española 1o. :
_bel lenguaje al servicio de la comunicación /
_6Cristiana Hernández Dominicana
260 _aSanto Domingo :
_bSusaeta,
_c19--?
300 _a231 p. :
_bil.,
_c25 cm.
490 1 _aEscuela dominicana
500 _aLibro de lecto-escritura primer curso educación primaria
830 0 _aEscuela dominicana
942 _2ddc
_cBK
956 _aBRENDA TAVÁREZ
999 _c9805
_d9805